000
00152nam a22000857a 4500
082
_a
823
100
_a
BHAT, ASMITA
245
_a
FAIRY TALES- 2
942
_c
BK
999
_c
8097
_d
8097